[Event "Caribean-chT Blitz 24th"]
[Site "San Salvador"]
[Date "2023.07.06"]
[Round "9.2"]
[White "Chirivi Castiblanco, Jenny Astrid"]
[Black "Figueroa, Julissa"]
[Result "1-0"]
[WhiteElo "2076"]
[BlackElo "1790"]
[PlyCount "85"]
[EventDate "2023.07.06"]
[EventType "tourn (blitz)"]
[EventRounds "15"]
[EventCountry "ESA"]
[SourceTitle "CBM 215 Extra"]
[Source "ChessBase"]
[SourceDate "2023.09.30"]
[SourceVersion "1"]
[SourceVersionDate "2023.09.30"]
[SourceQuality "1"]
[WhiteTeam "Colombia"]
[BlackTeam "Barbados"]
[WhiteTeamCountry "COL"]
[BlackTeamCountry "BAR"]

1. d4 d5 2. c4 e6 3. Nc3 Nf6 4. cxd5 exd5 5. Bg5 Be7 6. e3 0-0 7. Qc2 h6 8. Bh4 b6 9. Bd3 Bb7 10. Nf3 c5 11. 0-0 Nc6 12. a3 Nh5 13. Bxe7 Qxe7 14. Nxd5 Qd6 15. Nc3 cxd4 16. Nb5 Qf6 17. Nbxd4 Nxd4 18. Nxd4 Rac8 19. Qd1 Qg5 20. Nf3 Qg4 21. h3 Qe6 22. Qe2 Nf6 23. Nd4 Qd7 24. f3 Qd6 25. Qf2 Rfd8 26. Bf5 Rc5 27. Rac1 Qe5 28. Bb1 Qg5 29. h4 Qe5 30. b4 Rcc8 31. Rxc8 Rxc8 32. Rd1 Rc3 33. Re1 Nd5 34. Nf5 Bc8 35. Nd4 Rxe3 36. Rxe3 Qxe3 37. Qxe3 Nxe3 38. Nc6 Nc4 39. Ne7+ Kf8 40. Nxc8 Nxa3 41. Bd3 a5 42. bxa5 bxa5 43. Nb6 1-0

[Event "Caribean-chT Blitz 24th"]
[Site "San Salvador"]
[Date "2023.07.06"]
[Round "8.2"]
[White "Figueroa, Julissa"]
[Black "Gonzalez Peguero, Mary Loly"]
[Result "1-0"]
[WhiteElo "1790"]
[BlackElo "1793"]
[PlyCount "87"]
[EventDate "2023.07.06"]
[EventType "tourn (blitz)"]
[EventRounds "15"]
[EventCountry "ESA"]
[SourceTitle "CBM 215 Extra"]
[Source "ChessBase"]
[SourceDate "2023.09.30"]
[SourceVersion "1"]
[SourceVersionDate "2023.09.30"]
[SourceQuality "1"]
[WhiteTeam "Barbados"]
[BlackTeam "Dominican Republic"]
[WhiteTeamCountry "BAR"]
[BlackTeamCountry "DOM"]

1. e4 c5 2. Nf3 g6 3. d4 cxd4 4. Nxd4 Nc6 5. Nc3 Bg7 6. Nb3 Nf6 7. Be2 0-0 8. 0-0 d6 9. Re1 a6 10. a4 Be6 11. Bf1 Rc8 12. Nd5 Nd7 13. c3 Na5 14. Nxa5 Qxa5 15. Nxe7+ Kh8 16. Nxc8 Rxc8 17. Qxd6 Qh5 18. Bf4 Nf6 19. Be2 Qh4 20. Bf3 Ng4 21. Bxg4 Qxg4 22. Be5 Qg5 23. Bxg7+ Kxg7 24. Rad1 h5 25. f4 Qg4 26. Qe5+ Kh7 27. Rd3 Bc4 28. Rg3 Qd7 29. f5 Re8 30. fxg6+ fxg6 31. Qf6 Re6 32. Qg5 Qc6 33. Rf3 Qb6+ 34. Kh1 Qc7 35. Qf4 Qg7 36. e5 Bd5 37. Rfe3 b5 38. Qd4 Bc4 39. axb5 axb5 40. h3 Qf7 41. Rf3 Qg7 42. Qd2 Qe7 43. Qf2 Qg7 44. Rf7 1-0

[Event "Caribean-chT Blitz 24th"]
[Site "San Salvador"]
[Date "2023.07.06"]
[Round "3.2"]
[White "Figueroa, Julissa"]
[Black "Morales Santos, Natasha"]
[Result "0-1"]
[WhiteElo "1790"]
[BlackElo "1813"]
[PlyCount "74"]
[EventDate "2023.07.06"]
[EventType "tourn (blitz)"]
[EventRounds "15"]
[EventCountry "ESA"]
[SourceTitle "CBM 215 Extra"]
[Source "ChessBase"]
[SourceDate "2023.09.30"]
[SourceVersion "1"]
[SourceVersionDate "2023.09.30"]
[SourceQuality "1"]
[WhiteTeam "Barbados"]
[BlackTeam "Puerto Rico"]
[WhiteTeamCountry "BAR"]
[BlackTeamCountry "PUR"]

1. e4 c5 2. Nf3 d6 3. d4 cxd4 4. Nxd4 g6 5. Nc3 Bg7 6. Be2 Nf6 7. 0-0 0-0 8. Re1 Nc6 9. Nb3 a6 10. a4 Be6 11. Bf1 Rc8 12. Nd5 Re8 13. c3 Na5 14. Nxa5 Qxa5 15. f3 Nxd5 16. exd5 Qxd5 17. Qxd5 Bxd5 18. Bg5 f6 19. Be3 Bf7 20. Red1 d5 21. f4 e5 22. fxe5 fxe5 23. Be2 d4 24. Bg4 dxe3 25. Bxc8 Rxc8 26. Re1 Bh6 27. h4 Rd8 28. g4 Bf4 29. Rad1 Rd2 30. b4 Bb3 31. Rb1 Bxa4 32. c4 Bc2 33. Rbc1 Be4 34. Kf1 e2+ 35. Rxe2 Bd3 36. Rce1 Rxe2 37. Rxe2 Bxc4 0-1

[Event "Caribean-chT Rapid 24th"]
[Site "San Salvador"]
[Date "2023.07.05"]
[Round "11.2"]
[White "Figueroa, Julissa"]
[Black "Jean Francois, Valencia"]
[Result "1/2-1/2"]
[WhiteElo "1634"]
[BlackElo "1336"]
[PlyCount "115"]
[EventDate "2023.07.03"]
[EventType "tourn (rapid)"]
[EventRounds "15"]
[EventCountry "ESA"]
[SourceTitle "CBM 215 Extra"]
[Source "ChessBase"]
[SourceDate "2023.09.30"]
[SourceVersion "1"]
[SourceVersionDate "2023.09.30"]
[SourceQuality "1"]
[WhiteTeam "Barbados"]
[BlackTeam "Haiti"]
[WhiteTeamCountry "BAR"]
[BlackTeamCountry "HAI"]

1. e4 e5 2. Nf3 Nc6 3. d4 exd4 4. Nxd4 Nxd4 5. Qxd4 c5 6. Qe3 d6 7. Nc3 Nf6 8. Bc4 Be7 9. 0-0 0-0 10. h3 Be6 11. Bxe6 fxe6 12. e5 Nd5 13. Nxd5 exd5 14. e6 Rf5 15. Qb3 b6 16. Bd2 Qc7 17. Qd3 Raf8 18. Rae1 c4 19. Qg3 g6 20. Bc3 Qc5 21. Qe3 Qxe3 22. Rxe3 Rf4 23. g3 Re4 24. Rxe4 dxe4 25. Rd1 Re8 26. Kg2 Bf8 27. Rd4 Rxe6 28. Rxc4 e3 29. fxe3 Rxe3 30. Bb4 Re2+ 31. Kf3 Re8 32. Rc7 a5 33. Bc3 Rb8 34. a4 b5 35. Ra7 bxa4 36. Rxa5 Bg7 37. Bxg7 Kxg7 38. Rxa4 Rxb2 39. Rc4 Rb6 40. Ke4 Kf6 41. Kd5 h5 42. Rc6 Rxc6 43. Kxc6 Ke5 44. c4 Ke6 45. h4 Ke5 46. Kb5 Ke6 47. Kc6 Ke5 48. Kb5 Kd4 49. Kb4 Ke4 50. Kb5 Ke5 51. Ka5 Kd4 52. Kb4 Ke5 53. Kb5 Kf5 54. Kc6 Ke5 55. Kb5 Ke6 56. Kc6 Ke5 57. Kb5 Ke6 58. Kc6 1/2-1/2

[Event "Caribean-chT Rapid 24th"]
[Site "San Salvador"]
[Date "2023.07.05"]
[Round "12.2"]
[White "Otazo Sanchez, Annyd Gabriela"]
[Black "Figueroa, Julissa"]
[Result "1-0"]
[WhiteElo "1890"]
[BlackElo "1634"]
[PlyCount "67"]
[EventDate "2023.07.03"]
[EventType "tourn (rapid)"]
[EventRounds "15"]
[EventCountry "ESA"]
[SourceTitle "CBM 215 Extra"]
[Source "ChessBase"]
[SourceDate "2023.09.30"]
[SourceVersion "1"]
[SourceVersionDate "2023.09.30"]
[SourceQuality "1"]
[WhiteTeam "Venezuela"]
[BlackTeam "Barbados"]
[WhiteTeamCountry "VEN"]
[BlackTeamCountry "BAR"]

1. e4 c5 2. Bc4 e6 3. Qe2 a6 4. c3 b5 5. Bb3 c4 6. Bc2 Bb7 7. f4 Bc5 8. Nf3 Ne7 9. d4 cxd3 10. Bxd3 0-0 11. Nbd2 d5 12. e5 Nf5 13. Bxf5 exf5 14. Nb3 Bb6 15. Be3 Nd7 16. 0-0 Qe7 17. Bxb6 Nxb6 18. Nbd4 g6 19. Qf2 Nc4 20. Rfe1 b4 21. e6 bxc3 22. bxc3 f6 23. Rab1 Nd6 24. Rb3 Ne4 25. Qb2 Nc5 26. Rb6 Rab8 27. Rb1 Rbc8 28. Rxb7 Nxb7 29. Qxb7 Qc5 30. Qxa6 Rfe8 31. Rb3 Ra8 32. Qb7 Ra7 33. Qb5 Qd6 34. Qxe8+ 1-0

[Event "Caribean-chT Rapid 24th"]
[Site "San Salvador"]
[Date "2023.07.03"]
[Round "4.2"]
[White "Leake, Emilia Rose"]
[Black "Figueroa, Julissa"]
[Result "0-1"]
[WhiteElo "1222"]
[BlackElo "1634"]
[PlyCount "108"]
[EventDate "2023.07.03"]
[EventType "tourn (rapid)"]
[EventRounds "15"]
[EventCountry "ESA"]
[SourceTitle "CBM 215 Extra"]
[Source "ChessBase"]
[SourceDate "2023.09.30"]
[SourceVersion "1"]
[SourceVersionDate "2023.09.30"]
[SourceQuality "1"]
[WhiteTeam "Jamaica"]
[BlackTeam "Barbados"]
[WhiteTeamCountry "JAM"]
[BlackTeamCountry "BAR"]

1. e4 c5 2. d4 cxd4 3. c3 dxc3 4. Nxc3 Nc6 5. Nf3 e6 6. Bc4 Bb4 7. 0-0 Nge7 8. Qe2 0-0 9. Rd1 a6 10. a3 Bxc3 11. bxc3 Qc7 12. Be3 b5 13. Ba2 d6 14. Nd4 Nxd4 15. Rxd4 Nc6 16. Rdd1 Bb7 17. Rac1 Rac8 18. Qg4 Ne5 19. Qh4 Qb8 20. Bb1 Qa8 21. f3 Qb8 22. Bf4 Ng6 23. Qg3 Nxf4 24. Qxf4 Rfd8 25. Rd2 d5 26. Qe3 dxe4 27. fxe4 Rxd2 28. Qxd2 Rd8 29. Qe2 Qe5 30. h3 h6 31. Qf3 Rd2 32. Re1 Qc5+ 33. Kh1 Qxa3 34. Rf1 Qe7 35. Qf4 Rb2 36. Qb8+ Kh7 37. Qf4 Qg5 38. Qxg5 hxg5 39. e5+ Kg8 40. Rg1 a5 41. Bd3 a4 42. Kh2 a3 43. Kh1 a2 44. Kh2 Rxg2+ 45. Rxg2 Bxg2 46. Kxg2 a1Q 47. Bxb5 Qb2+ 48. Be2 Qxe2+ 49. Kg3 Qe3+ 50. Kg2 f5 51. h4 gxh4 52. c4 Qg3+ 53. Kh1 h3 54. c5 Qg2# 0-1

[Event "Central America-ch (Women) 24th"]
[Site "San Salvador"]
[Date "2023.01.21"]
[Round "3"]
[White "Brown, Raehanna"]
[Black "Figueroa, Julissa"]
[Result "1-0"]
[WhiteElo "1590"]
[BlackElo "1701"]
[PlyCount "163"]
[EventDate "2023.01.21"]
[EventType "swiss"]
[EventRounds "11"]
[EventCountry "ESA"]
[SourceTitle "CBM 212 Extra"]
[Source "ChessBase"]
[SourceDate "2023.03.31"]
[SourceVersion "1"]
[SourceVersionDate "2023.03.31"]
[SourceQuality "1"]

1. c4 e6 2. Nc3 d5 3. cxd5 exd5 4. d4 Nf6 5. Bg5 Be7 6. e3 h6 7. Bh4 c6 8. Bd3 0-0 9. Nge2 Bg4 10. Qc2 Nbd7 11. 0-0 Bxe2 12. Nxe2 Ne4 13. Bxe7 Qxe7 14. a3 Ndf6 15. h3 Rfe8 16. b4 a6 17. Rab1 Rec8 18. Rfc1 Nd6 19. a4 Qd7 20. a5 Re8 21. Nc3 Qe7 22. Na4 Nd7 23. Re1 Qf6 24. Re2 Re7 25. Rbe1 Rae8 26. Rb1 Ra8 27. Qa2 Kf8 28. Rc1 Kg8 29. Qc2 Ree8 30. Nc5 Nxc5 31. Qxc5 Qd8 32. Rce1 Ne4 33. Bxe4 dxe4 34. Rc2 Rc8 35. Qf5 Qd5 36. Qxd5 cxd5 37. Rec1 Rc6 38. Rxc6 bxc6 39. Rxc6 Rb8 40. Rxa6 Rxb4 41. Ra8+ Kh7 42. Rd8 Rb5 43. a6 Ra5 44. Rd6 f6 45. Kh2 Kg6 46. Kg3 Kf5 47. Kh4 Kg6 48. Kg4 h5+ 49. Kf4 Ra2 50. Rxd5 Rxa6 51. Kxe4 Ra2 52. Kf3 Ra3 53. h4 Rb3 54. g3 Rc3 55. Kf4 Rc2 56. f3 Re2 57. e4 Re1 58. Rd6 Kf7 59. Ra6 g6 60. d5 Ke7 61. Ra7+ Kf8 62. d6 Rd1 63. Rd7 Rd3 64. Rd8+ Kf7 65. g4 hxg4 66. fxg4 Ke6 67. g5 fxg5+ 68. Kxg5 Rg3+ 69. Kf4 Rd3 70. Rg8 Kf7 71. Ra8 Rxd6 72. Ra7+ Kg8 73. Kg5 Re6 74. Kf4 Kf8 75. e5 Rb6 76. Kg5 Re6 77. Kf4 Rb6 78. Rd7 Re6 79. Rd6 Kf7 80. Rxe6 Kxe6 81. Kg5 Kxe5 82. Kxg6 1-0

[Event "Central America-ch (Women) 24th"]
[Site "San Salvador"]
[Date "2023.01.21"]
[Round "7"]
[White "Richards, Trisann"]
[Black "Figueroa, Julissa"]
[Result "1-0"]
[WhiteElo "1602"]
[BlackElo "1701"]
[PlyCount "143"]
[EventDate "2023.01.21"]
[EventType "swiss"]
[EventRounds "11"]
[EventCountry "ESA"]
[SourceTitle "CBM 212 Extra"]
[Source "ChessBase"]
[SourceDate "2023.03.31"]
[SourceVersion "1"]
[SourceVersionDate "2023.03.31"]
[SourceQuality "1"]

1. d4 d5 2. Nf3 Nf6 3. e3 Bf5 4. c4 e6 5. a3 c5 6. Nc3 Be7 7. Be2 0-0 8. 0-0 Nc6 9. cxd5 exd5 10. Na4 b6 11. Bb5 Qc7 12. b3 a6 13. Be2 Rfd8 14. Bb2 h6 15. Rc1 Qa7 16. Nh4 Bh7 17. Bd3 Bxd3 18. Qxd3 Bf8 19. Nf3 Rac8 20. Rc2 Na5 21. Ne5 Nd7 22. Nxd7 Rxd7 23. Rfc1 c4 24. bxc4 dxc4 25. Qf5 b5 26. Nc5 Bxc5 27. dxc5 Rxc5 28. Qg4 Rg5 29. Qe4 Nb3 30. Re1 Rd8 31. h3 Qa8 32. Qxa8 Rxa8 33. Rd1 Rc8 34. h4 Rg6 35. g3 Nc5 36. Rd5 Rgc6 37. Bc3 Ne4 38. Bb4 Nc5 39. Kg2 Nd3 40. Rc3 Nxb4 41. axb4 Kf8 42. Kf3 Ke7 43. Ke4 Re6+ 44. Kf3 Rd8 45. Rxd8 Kxd8 46. h5 a5 47. bxa5 Ra6 48. Ra3 b4 49. Ra4 b3 50. Rxc4 Rxa5 51. Rb4 Ra3 52. Kf4 Kc7 53. Ke5 Ra2 54. Rxb3 Rxf2 55. g4 Rc2 56. e4 Rc5+ 57. Kd4 Rg5 58. Rg3 Kd6 59. Ke3 Ke5 60. Kf3 Kd4 61. Rg1 f6 62. Rd1+ Kc3 63. Rd5 Kc4 64. Rxg5 hxg5 65. e5 fxe5 66. Ke4 Kc3 67. Kxe5 Kd3 68. Kf5 Ke3 69. Kxg5 Kf3 70. Kf5 Kg3 71. g5 Kh4 72. Kg6 1-0

[Event "American Continental 16th"]
[Site "San Salvador"]
[Date "2022.05.03"]
[Round "3"]
[White "Figueroa, Julissa"]
[Black "Hernandez Alvarez, Tania Regla"]
[Result "0-1"]
[WhiteElo "1663"]
[BlackElo "2022"]
[PlyCount "50"]
[EventDate "2022.05.02"]
[EventType "swiss"]
[EventRounds "11"]
[EventCountry "ESA"]
[SourceTitle "CBM 208 Extra"]
[Source "ChessBase"]
[SourceDate "2022.07.31"]
[SourceVersion "1"]
[SourceVersionDate "2022.07.31"]
[SourceQuality "1"]

1. e4 c5 2. Nf3 g6 3. d4 cxd4 4. Nxd4 Nc6 5. Nc3 Bg7 6. Nb3 d6 7. Be2 Nf6 8. 0-0 0-0 9. Re1 Be6 10. Be3 a6 11. a4 Rc8 12. Nd4 Ne5 13. Nxe6 fxe6 14. f3 Nc4 15. Bxc4 Rxc4 16. a5 Nd7 17. Qd2 Qc8 18. Ra3 Ne5 19. b4 Rxc3 20. Rxc3 Nxf3+ 21. gxf3 Bxc3 22. Qe2 Bxe1 23. Qxe1 Qxc2 24. Qd2 Qxd2 25. Bxd2 Rxf3 0-1

[Event "American Continental 16th"]
[Site "San Salvador"]
[Date "2022.05.02"]
[Round "1"]
[White "Figueroa, Julissa"]
[Black "Munoz Sanchez, Miguel Angel"]
[Result "0-1"]
[WhiteElo "1663"]
[BlackElo "2226"]
[PlyCount "72"]
[EventDate "2022.05.02"]
[EventType "swiss"]
[EventRounds "11"]
[EventCountry "ESA"]
[SourceTitle "CBM 208 Extra"]
[Source "ChessBase"]
[SourceDate "2022.07.31"]
[SourceVersion "1"]
[SourceVersionDate "2022.07.31"]
[SourceQuality "1"]

1. e4 c5 2. Nf3 e6 3. d4 cxd4 4. Nxd4 a6 5. Nc3 Bb4 6. Bd2 Nc6 7. Nxc6 dxc6 8. Bd3 e5 9. a3 Bc5 10. Qf3 Nf6 11. h3 Qc7 12. 0-0 Be6 13. Be3 Be7 14. Rfd1 0-0 15. Na4 Nd7 16. c4 b5 17. cxb5 axb5 18. Nc3 Nc5 19. Bxc5 Bxc5 20. Rac1 Qb6 21. Bc2 Bd4 22. Rd2 Rfd8 23. Rcd1 b4 24. Na4 Qb5 25. axb4 Rxa4 26. Bxa4 Qxa4 27. Qa3 Qb5 28. Qa5 Rb8 29. Qc7 Qb6 30. Qd6 Rd8 31. Qxe5 Bxf2+ 32. Kh1 Rxd2 33. Rxd2 h6 34. Qa5 Qe3 35. Qd8+ Kh7 36. Qd3 Qe1+ 0-1

[Event "Online Olym Div3 E"]
[Site "Chess.com INT"]
[Date "2021.08.29"]
[Round "9.4"]
[White "Barria Baker, Raisa Melissa"]
[Black "Figueroa, Julissa"]
[Result "1-0"]
[WhiteElo "1955"]
[BlackElo "1658"]
[PlyCount "111"]
[EventDate "2021.08.27"]
[EventType "team-tourn (rapid)"]
[EventRounds "9"]
[EventCountry "USA"]
[SourceTitle "CBM 204 Extra"]
[Source "ChessBase"]
[SourceDate "2021.11.30"]
[SourceVersion "1"]
[SourceVersionDate "2021.11.30"]
[SourceQuality "1"]
[WhiteTeam "Panama"]
[BlackTeam "Barbados"]
[WhiteTeamCountry "PAN"]
[BlackTeamCountry "BAR"]

1. d4 d5 2. Nf3 e6 3. c4 Be7 4. Nc3 Nf6 5. Bf4 0-0 6. e3 Bd6 7. Bg5 h6 8. Bxf6 Qxf6 9. cxd5 exd5 10. Nxd5 Qf5 11. Nc3 c5 12. Bd3 Qg4 13. 0-0 cxd4 14. Nxd4 Qh4 15. Nf3 Qd8 16. Nb5 Be7 17. Qc2 Nc6 18. a3 Bg4 19. Rfd1 Qb6 20. Nc3 Bxf3 21. gxf3 Ne5 22. Be4 Rad8 23. Nd5 Qe6 24. Qb3 Bh4 25. Qc3 Rc8 26. Qb4 Rfe8 27. Nf4 Qf6 28. Rd6 Qg5+ 29. Kf1 Qe7 30. Rad1 Nc6 31. Bxc6 Rxc6 32. Rxc6 bxc6 33. Qxe7 Rxe7 34. Rd6 Rb7 35. b4 c5 36. bxc5 Be7 37. Rd5 Rb1+ 38. Ke2 Rc1 39. Nd3 Rc2+ 40. Kd1 Rc3 41. Rd7 Bxc5 42. Nxc5 Rxc5 43. Rxa7 Kf8 44. a4 Ke8 45. a5 Rc4 46. a6 Ra4 47. Ra8+ Kd7 48. a7 Kc7 49. Rf8 Rxa7 50. Rxf7+ Kb6 51. Rxa7 Kxa7 52. Kc2 Kb6 53. Kd3 Kc5 54. Ke4 Kd6 55. Kf5 Ke7 56. Kg6 1-0

[Event "Online Olym Div3 E"]
[Site "Chess.com INT"]
[Date "2021.08.28"]
[Round "6.4"]
[White "Figueroa, Julissa"]
[Black "Mentile, Lishen"]
[Result "0-1"]
[WhiteElo "1658"]
[BlackElo "1522"]
[PlyCount "56"]
[EventDate "2021.08.27"]
[EventType "team-tourn (rapid)"]
[EventRounds "9"]
[EventCountry "USA"]
[SourceTitle "CBM 204 Extra"]
[Source "ChessBase"]
[SourceDate "2021.11.30"]
[SourceVersion "1"]
[SourceVersionDate "2021.11.30"]
[SourceQuality "1"]
[WhiteTeam "Barbados"]
[BlackTeam "Namibia"]
[WhiteTeamCountry "BAR"]
[BlackTeamCountry "NAM"]

1. e4 d5 2. exd5 Qxd5 3. Nc3 Qa5 4. d4 c6 5. Bc4 Bf5 6. Bd2 Qd8 7. Nge2 Nf6 8. h3 e6 9. g4 Bg6 10. Bg5 Be7 11. Qd2 Nbd7 12. 0-0-0 Qb6 13. Be3 Qa5 14. Nf4 0-0-0 15. Nxg6 hxg6 16. Qe2 Bb4 17. Rd3 Nb6 18. Bb3 Bxc3 19. Rxc3 Nbd5 20. Bxd5 Nxd5 21. Ra3 Qb6 22. Bd2 Qxd4 23. Rd1 Qc5 24. Ba5 Rd7 25. Rdd3 Nf4 26. Qd2 Nxd3+ 27. Rxd3 Rxd3 28. Qxd3 Qxa5 0-1

[Event "American World Cup Q Prelim"]
[Site "Tornelo INT"]
[Date "2021.05.09"]
[Round "5"]
[White "Figueroa, Julissa"]
[Black "Stephenson, Amy"]
[Result "0-1"]
[WhiteElo "1658"]
[BlackElo "1339"]
[PlyCount "74"]
[EventDate "2021.05.08"]
[EventType "swiss (rapid)"]
[EventRounds "9"]
[EventCountry "USA"]
[SourceTitle "CBM 202 Extra"]
[Source "ChessBase"]
[SourceDate "2021.07.31"]
[SourceVersion "1"]
[SourceVersionDate "2021.07.31"]
[SourceQuality "1"]

1. e4 d6 2. d4 Nf6 3. Nc3 Nbd7 4. Nf3 e5 5. dxe5 dxe5 6. Bg5 Be7 7. Bc4 c6 8. a4 0-0 9. 0-0 Qc7 10. Qe2 Nc5 11. Rfd1 Be6 12. Ba2 Bxa2 13. Rxa2 Ne6 14. Be3 Ng4 15. Raa1 Nxe3 16. Qxe3 Bc5 17. Qe2 Rad8 18. h3 Nf4 19. Qc4 Bb6 20. Ne2 Nxe2+ 21. Qxe2 Qe7 22. Qc4 Qf6 23. a5 Rxd1+ 24. Rxd1 Bxa5 25. Ra1 Bb6 26. Rd1 Qf4 27. Qe2 h6 28. Kh1 Rd8 29. Rxd8+ Bxd8 30. g3 Qc1+ 31. Kg2 Qxb2 32. Qd3 Bb6 33. h4 Bd4 34. Nd2 Qb6 35. Qe2 a5 36. Kf3 a4 37. Nc4 Qc5 0-1

[Event "American World Cup Q Prelim"]
[Site "Tornelo INT"]
[Date "2021.05.08"]
[Round "1"]
[White "Figueroa, Julissa"]
[Black "Escobar Medina, Andres F"]
[Result "0-1"]
[WhiteElo "1658"]
[BlackElo "2298"]
[PlyCount "58"]
[EventDate "2021.05.08"]
[EventType "swiss (rapid)"]
[EventRounds "9"]
[EventCountry "USA"]
[SourceTitle "CBM 202 Extra"]
[Source "ChessBase"]
[SourceDate "2021.07.31"]
[SourceVersion "1"]
[SourceVersionDate "2021.07.31"]
[SourceQuality "1"]

1. e4 g6 2. d4 Bg7 3. Nf3 d6 4. Be2 Bg4 5. h3 Bxf3 6. Bxf3 Nc6 7. Be3 Nf6 8. Nc3 0-0 9. 0-0 e5 10. Ne2 exd4 11. Nxd4 Ne5 12. c3 Re8 13. Bg5 Qc8 14. Re1 h6 15. Bf4 a6 16. Qc2 b5 17. Rad1 Qb7 18. Bxe5 Rxe5 19. Nb3 Rae8 20. Re3 Nxe4 21. Rde1 f5 22. Nd2 d5 23. Bxe4 dxe4 24. Rg3 Kh7 25. Qd1 h5 26. h4 Bh6 27. Qb3 Qd5 28. Qxd5 Rxd5 29. Nb3 c5 0-1

[Event "Online Olym Div3 E"]
[Site "Chess.com INT"]
[Date "2020.08.09"]
[Round "9.3"]
[White "Gonzalez Peguero, Mary Loly"]
[Black "Figueroa, Julissa"]
[Result "0-1"]
[WhiteElo "1697"]
[BlackElo "1658"]
[PlyCount "92"]
[EventDate "2020.08.07"]
[EventType "team-tourn (rapid)"]
[EventRounds "9"]
[EventCountry "USA"]
[SourceTitle "CBM 198"]
[Source "ChessBase"]
[SourceDate "2020.10.31"]
[SourceVersion "1"]
[SourceVersionDate "2020.10.31"]
[SourceQuality "1"]
[WhiteTeam "Dominican Republic"]
[BlackTeam "Barbados"]
[WhiteTeamCountry "DOM"]
[BlackTeamCountry "BAR"]

1. Nf3 d5 2. g3 Nf6 3. Bg2 e6 4. 0-0 Be7 5. d3 0-0 6. Nbd2 c5 7. e4 Nc6 8. Re1 b6 9. e5 Nd7 10. Nf1 Bb7 11. h4 Re8 12. h5 Qc7 13. Bf4 Nd4 14. N1h2 Nxf3+ 15. Nxf3 d4 16. h6 g6 17. Qd2 Qd8 18. Ng5 Bxg2 19. Kxg2 Nf8 20. Ne4 Qd5 21. Kg1 Nd7 22. Nd6 Bxd6 23. exd6 e5 24. Qe2 exf4 25. Qxe8+ Rxe8 26. Rxe8+ Nf8 27. d7 Qxd7 28. Rae1 f3 29. Kh2 Qg4 30. Rh1 Qg5 31. Re4 Qd2 32. Rf1 Qxc2 33. g4 Qxd3 34. Rfe1 Qd2 35. Kg3 Qxb2 36. Kxf3 Qxa2 37. Re7 Qd5+ 38. Kg3 d3 39. Rxa7 d2 40. Rd1 c4 41. Ra2 c3 42. Rc2 Qe5+ 43. Kh4 Qf6+ 44. Kg3 b5 45. f4 b4 46. g5 Qd4 0-1

[Event "Online Olym Div3 E"]
[Site "Chess.com INT"]
[Date "2020.08.07"]
[Round "1.4"]
[White "Figueroa, Julissa"]
[Black "Torres Hernandez, Leslie Carolin"]
[Result "1-0"]
[WhiteElo "1658"]
[BlackElo "1884"]
[PlyCount "89"]
[EventDate "2020.08.07"]
[EventType "team-tourn (rapid)"]
[EventRounds "9"]
[EventCountry "USA"]
[SourceTitle "CBM 198"]
[Source "ChessBase"]
[SourceDate "2020.10.31"]
[SourceVersion "1"]
[SourceVersionDate "2020.10.31"]
[SourceQuality "1"]
[WhiteTeam "Barbados"]
[BlackTeam "Honduras"]
[WhiteTeamCountry "BAR"]
[BlackTeamCountry "HON"]

1. e4 c6 2. d4 d5 3. Nc3 dxe4 4. Nxe4 Bf5 5. Ng3 Bg6 6. h4 h6 7. h5 Bh7 8. Nf3 e6 9. Bd3 Bxd3 10. Qxd3 Nf6 11. Ne4 Nbd7 12. Bf4 Nxe4 13. Qxe4 Nf6 14. Qe2 Qd5 15. c4 Qa5+ 16. Bd2 Bb4 17. Ne5 Bxd2+ 18. Qxd2 Qxd2+ 19. Kxd2 Ke7 20. Rad1 Rhd8 21. Ke3 Nd7 22. Nxd7 Rxd7 23. Rd2 Rad8 24. Rhd1 Kf6 25. g4 Kg5 26. f4+ Kf6 27. b3 c5 28. dxc5 Rxd2 29. Rxd2 Rxd2 30. Kxd2 e5 31. Ke3 g5 32. f5 Ke7 33. Ke4 f6 34. b4 Kd7 35. b5 Kc7 36. a4 Kd7 37. a5 Kc7 38. Kd5 a6 39. b6+ Kd7 40. c6+ bxc6+ 41. Kc5 Kc8 42. Kxc6 e4 43. b7+ Kb8 44. Kb6 e3 45. c5 1-0

[Event "Olympiad Women-43"]
[Site "Batumi"]
[Date "2018.10.01"]
[Round "7.62"]
[White "Figueroa, Julissa"]
[Black "Rawan, Eyhab"]
[Result "1-0"]
[WhiteElo "1666"]
[BlackElo "1568"]
[PlyCount "133"]
[EventDate "2018.09.24"]
[EventType "team-swiss"]
[EventRounds "11"]
[EventCountry "GEO"]
[SourceTitle "EXT 2020"]
[Source "ChessBase"]
[SourceDate "2019.10.17"]
[SourceVersion "1"]
[SourceVersionDate "2019.10.17"]
[SourceQuality "1"]
[WhiteTeam "Barbados (W)"]
[BlackTeam "Sudan (W)"]
[WhiteTeamCountry "BAR"]
[BlackTeamCountry "SUD"]

1. e4 c6 2. d4 d5 3. Nc3 dxe4 4. Nxe4 h6 5. Ng3 Nf6 6. Nf3 Bg4 7. Be2 e6 8. h3 Bxf3 9. Bxf3 Bd6 10. Ne4 Nxe4 11. Bxe4 Nd7 12. 0-0 Nf6 13. Bf3 0-0 14. c4 Qd7 15. Be3 Rfd8 16. Qe2 Qc7 17. Rfd1 Rd7 18. Rd3 Bf4 19. Rad1 Rad8 20. Qd2 Bxe3 21. Qxe3 Qb6 22. b3 Qa5 23. R1d2 Re8 24. Qf4 e5 25. dxe5 Rxd3 26. Rxd3 Rxe5 27. Qd2 Qc7 28. g3 Re7 29. Rd8+ Kh7 30. Qd3+ g6 31. Ra8 Qa5 32. Qd4 Re8 33. Rxa7 Qf5 34. Qd1 Qxh3 35. Rxb7 Qe6 36. a4 c5 37. a5 Re7 38. Rxe7 Qxe7 39. a6 Ne8 40. Qd5 Nc7 41. Qb7 Qe1+ 42. Kg2 Qa5 43. a7 Kg7 44. a8Q Nxa8 45. Qxa8 Qb6 46. Qa4 g5 47. Qb5 Qd6 48. Qc6 Qe5 49. Qd5 Qe7 50. Bh5 f6 51. Qf5 Qf8 52. Qd7+ Kg8 53. Bg6 Qg7 54. Qe6+ Kh8 55. Qe8+ Qg8 56. Kf3 Qxe8 57. Bxe8 Kg7 58. Ke4 Kf8 59. Bc6 Ke7 60. Kd5 f5 61. Kxc5 h5 62. b4 f4 63. Bf3 h4 64. gxh4 gxh4 65. b5 Kd7 66. Kb6 Kc8 67. Ka7 1-0

[Event "Olympiad Women-43"]
[Site "Batumi"]
[Date "2018.09.24"]
[Round "1.40"]
[White "Figueroa, Julissa"]
[Black "Georgescu, Lena"]
[Result "0-1"]
[WhiteElo "1666"]
[BlackElo "2195"]
[PlyCount "102"]
[EventDate "2018.09.24"]
[EventType "team-swiss"]
[EventRounds "11"]
[EventCountry "GEO"]
[SourceTitle "EXT 2020"]
[Source "ChessBase"]
[SourceDate "2019.10.17"]
[SourceVersion "1"]
[SourceVersionDate "2019.10.17"]
[SourceQuality "1"]
[WhiteTeam "Barbados (W)"]
[BlackTeam "Switzerland (W)"]
[WhiteTeamCountry "BAR"]
[BlackTeamCountry "SUI"]

1. e4 c5 2. Nf3 d6 3. d4 cxd4 4. Nxd4 Nf6 5. Nc3 Nc6 6. Be2 e5 7. Nf3 h6 8. Nd2 Be7 9. Nc4 0-0 10. Ne3 Nd4 11. Bc4 Be6 12. 0-0 Rc8 13. Bxe6 fxe6 14. Ng4 Qe8 15. f4 Qg6 16. Nxf6+ Bxf6 17. Be3 a6 18. f5 exf5 19. Bxd4 exd4 20. exf5 Qf7 21. Ne4 Be5 22. Rf2 d5 23. Ng3 Rfe8 24. Kh1 Bf6 25. Nh5 Bg5 26. Qg4 Re4 27. Qf3 Rce8 28. Rff1 Re3 29. Qd1 R8e4 30. Ng3 Rh4 31. Rf3 Qc7 32. Rxe3 Bxe3 33. Qf3 Qe5 34. Rf1 Bf4 35. Kg1 Kh7 36. Ne2 Be3+ 37. Rf2 Bxf2+ 38. Kxf2 Re4 39. Qd3 Re3 40. Qd2 Qxf5+ 41. Kg1 Qe4 42. Ng3 Qe5 43. Qf2 Re1+ 44. Nf1 Qe3 45. g3 Qxf2+ 46. Kxf2 Rc1 47. Ke2 Rxc2+ 48. Kd3 Rxb2 49. Kxd4 Rxa2 50. Kxd5 Rf2 51. Ne3 Rxh2 0-1